000 00300nam a22001337a 4500
008 170214b xxu||||| |||| 00| 0 eng d
020 _a9780443054204
041 _aeng
080 _a61
100 _a4
101 _aSHM
245 _aFUNCTIONAL DISORDERS OF THE GUT
_cPHILLIPS, S.F
942 _2udc
_cBK
999 _c5365
_d5365